Normal view
MARC view
- William Graebel
Entry Personal Name
001 - CONTROL NUMBER
- control field: 127640
003 - CONTROL NUMBER IDENTIFIER
- control field: NUST
005 - DATE AND TIME OF LATEST TRANSACTION
- control field: 20250117105939.0
008 - FIXED-LENGTH DATA ELEMENTS
- fixed length control field: 250117|| aca||aabn | a|a d
040 ## - CATALOGING SOURCE
- Original cataloging agency: NUST
- Transcribing agency: NUST
100 ## - HEADING--PERSONAL NAME
- Personal name: William Graebel
670 ## - SOURCE DATA FOUND
- Source citation: Work cat.: (NUST): William Graebel, Engineering Fluid Mechanics, 2001.
